000 01294nam a2200349 i 4500
001 106566
003 ES-MaACL
005 20250827062619.0
007 t|
008 040514s2006 sp ||||0| spa j
020 _a84-309-4408-7
040 _aM-BN-DP
_bspa
_cM-BN-DP
080 _a35(460)"19"(094.5)
080 _a35.077.3(460)"19"(094.5)
080 _a351.95(460)"19"(094.5)
110 1 _aEspaña
_93622
240 1 0 _aLeyes, etc., de justicia administrativa
245 1 0 _aLegislación administrativa /
_cedición preparada por Jesús Leguina Villa ... [et al.].
250 _a9ª ed.
260 _aMadrid :
_bTecnos,
_c2006.
300 _a1685 p. ;
_c17 cm.
490 1 _aBiblioteca de textos legales ;
_v192
500 _aEdición actualizada septiembre 2006, en cubierta.
650 4 _aProcedimiento administrativo-
_zEspaña-
_vLegislación.
_916418
650 1 4 _aJurisdicción contencioso administrativa-
_zEspaña-
_vLegislación.
_914029
651 4 _aEspaña-
_xAdministración-
_vLegislación.
_9183235
700 1 _aLeguina Villa, Jesús.
_971314
830 0 _aBiblioteca de textos legales ;
_v192
_9177271
852 _aES-MaACL
_jA-15254
_9110618
_cDEPO1
_dOlim: L 351.95(460) "2006" ESP
_dOlim: Meseton
942 _2udc
999 _c106566
_d106566